Tony Revolori Filmography - Statistics

General Stats
  • This quiz has been taken 25 times
    9 since last reset
  • The average score is 19 of 62
Answer Stats
Type Year Name % Correct
Film 2019 Spider-Man: Far from Home
100%
Film 2017 Spider-Man: Homecoming
100%
Film 2021 Spider-Man: No Way Home
100%
Film 2023 Scream VI
75%
TV Show 2020 Craig of the Creek
50%
Film 2016 The 5th Wave
50%
Film 2014 The Grand Budapest Hotel
50%
Short Film 2017 50 Ways
25%
Film TBA Anima
25%
Film 2023 Asteroid City
25%
Short Film 2024 Blindspot
25%
Film 2015 Dope
25%
TV Show 2007 Entourage
25%
TV Pilot 2008 Ernesto
25%
TV Pilot 2013 Fitz and Slade
25%
Web Series 2020 Fungeons & Flagons
25%
Web Series 2024 Ghosts of Ruin
25%
Music Video 2019 Graduation
25%
Short Film 2025 Jean Jacket
25%
Web Mini-Series 2024 LEGO Star Wars: Rebuild the Galaxy
25%
Film 2016 Lowriders
25%
Theater 2015 Mercury Fur
25%
Web Mini-Series 2018 Middle School Talent Show
25%
Web Mini-Series 2023 Monster Ball Homecoming
25%
TV Show 2022-Present Monster High
25%
TV Show 2009 My Name Is Earl
25%
Short Film 2004 Nebraska
25%
Web Series 2016 Nuclear Family
25%
TV Show 2017, 2018 OK K.O.! Let's Be Heroes
25%
Short Film 2018 Otherland
25%
Film 2025 Paradise Records
25%
Short Film 2019 Peter's To-Do List
25%
Film 2017 Please Stand By
25%
TV Show 2021 Poorly Drawn Lines
25%
Film 2025 Roofman
25%
Web Series 2020 Royalties
25%
TV Film 2016 Rudy
25%
Film 2020 Run
25%
Web Series 2019-2023 Servant
25%
TV Show 2013 Shameless
25%
Short Film 2008 Smother
25%
TV Show 2016 Son of Zorn
25%
TV Show 2010 Sons of Tucson
25%
Short Film 2014 Special Delivery
25%
Short Film 2009 Spout
25%
Film 2017 Table 19
25%
Film 2017 Take the 10
25%
Film 2023 The Boy and the Heron
25%
Short Film 2015 The Boy Who Couldn't Sleep and Never Had To
25%
Web Series 2019, 2021, 2022 The Daily Bugle
25%
Short Film 2016 The Drive
25%
Film 2021 The French Dispatch
25%
Film 2018 The Long Dumb Road
25%
Film 2009 The Perfect Game
25%
Film 2025 The Rivals of Amziah King
25%
Film 2019 The Sound of Silence
25%
TV Show 2006 The Unit
25%
Film 2015 Umrika
25%
Commercial 2017 Wealthsimple
25%
Short Film 2024 What Would Jesus Do?
25%
Web Series 2022-2023 Willow
25%
TV Show 2017 Workaholics
25%
No matching quizzes found
Score Distribution
Percent of People with Each Score
Percentile by Number Answered
Your Score History
You have not taken this quiz since the last reset